000 00601nam a2200229Ia 4500
003 OSt
005 20221007071215.0
006 a|||||r|||| 00| 0
007 ta
008 221006b |||||||| |||| 00| 0 eng d
024 _a17,689
037 _cTextual
040 _aFLL
_cFLL
_beng
041 _2eng
_aeng
082 _aY:45z7, M4
100 _aDouglas J.D. Au.
_9688326
245 0 _aSociology of deviance
260 _aLondon
_bAllyn and bacon, inc. England
_c1984
300 _a290p
_ccm.
942 _hY:45z7, M4
_cTEXL
_2CC
999 _c1142767
_d1142767